| 000 | 00451nam a2200193Ia 4500 | ||
|---|---|---|---|
| 005 | 20231011103914.0 | ||
| 008 | 140110s9999 xx 000 0 und d | ||
| 020 |
_a9781444724592 _cRs.295.00 |
||
| 040 | _aLoreto College | ||
| 041 | _aEnglish | ||
| 082 |
_aF _bNIC |
||
| 100 | _aNicholls,David | ||
| 245 |
_aOne day _cDavid Nicholls |
||
| 260 |
_aLondon _bHodder _c2009 |
||
| 300 | _a437p. | ||
| 650 | _aFiction | ||
| 850 | _aLCLIB | ||
| 942 | _cBK | ||
| 999 |
_c37716 _d88195 |
||